| 000 | 00429nam a2200181Ia 4500 | ||
|---|---|---|---|
| 005 | 20240823041011.0 | ||
| 008 | 240823s9999||||xx |||||||||||||| ||und|| | ||
| 041 | _aENGLISH | ||
| 082 | _A327.1 P5 | ||
| 100 | _akrishnaveni muthiah | ||
| 245 | 0 | _aInternational Relations | |
| 250 | _aI st | ||
| 260 |
_c2005 _b"Himalay,Mumbai" |
||
| 500 | _aYES | ||
| 650 |
_arelations _bManagement Studies |
||
| 942 | _cBK | ||
| 999 |
_c204450 _d204450 |
||